[Event "ZN-2019-0-04101"]
[Site "LSS email"]
[Date "2019.12.16"]
[Round "?"]
[White "Churyaev, Aleksej"]
[Black "Digiglio, Rafael"]
[Result "1-0"]
[WhiteElo "973"]
[BlackElo "691"]
[PlyCount "77"]
[EventDate "2019.12.11"]
[EventType "match (corr)"]
[EventRounds "2"]
[EventCountry "GER"]
[SourceTitle "Corr 2022"]
[Source "ChessBase"]
[SourceDate "2021.10.24"]
[SourceVersion "1"]
[SourceVersionDate "2021.10.24"]
[SourceQuality "1"]

1. Nf3 Nf6 2. e3 d5 3. b3 g6 4. Bb2 Bg7 5. d4 Bg4 6. Be2 Nc6 7. a3 0-0 8. h3 Bd7 9. Nbd2 e6 10. c4 Ne7 11. Qc2 dxc4 12. bxc4 Qe8 13. e4 Ba4 14. Qd3 Nh5 15. g3 Nf6 16. e5 Nd7 17. 0-0 f5 18. Ng5 Nc8 19. Ngf3 b6 20. Rac1 c5 21. Bd1 Bc6 22. d5 exd5 23. cxd5 Bb7 24. Re1 a5 25. a4 Ba6 26. Qb3 Kh8 27. e6 Bxb2 28. Qxb2+ Nf6 29. Ne5 Nd6 30. Qxb6 Nde4 31. Nxe4 Nxe4 32. Nd7 Rg8 33. Bf3 Rg7 34. Bxe4 fxe4 35. Rxc5 Rxd7 36. exd7 Qxd7 37. Kg2 Bb7 38. Rc7 Qxd5 39. Qf6+ 1-0

[Event "ZN-2019-0-04101"]
[Site "LSS email"]
[Date "2019.12.16"]
[Round "?"]
[White "Digiglio, Rafael"]
[Black "Churyaev, Aleksej"]
[Result "0-1"]
[WhiteElo "691"]
[BlackElo "973"]
[PlyCount "96"]
[EventDate "2019.12.11"]
[EventType "match (corr)"]
[EventRounds "2"]
[EventCountry "GER"]
[SourceTitle "Corr 2022"]
[Source "ChessBase"]
[SourceDate "2021.10.24"]
[SourceVersion "1"]
[SourceVersionDate "2021.10.24"]
[SourceQuality "1"]

1. e4 c5 2. Nf3 Nc6 3. Bc4 e6 4. 0-0 a6 5. Nc3 b5 6. Be2 Qb6 7. a3 d6 8. b3 Nd4 9. Nxd4 cxd4 10. Nb1 e5 11. c3 dxc3 12. Nxc3 Bb7 13. Qc2 Rc8 14. Qd3 Nf6 15. Kh1 Qd4 16. Bb2 Nxe4 17. Qxd4 exd4 18. Nxe4 Bxe4 19. Bxd4 f6 20. Rac1 Rxc1 21. Rxc1 Kd7 22. f3 Bc6 23. Rc2 Be7 24. Kg1 Rc8 25. b4 g6 26. f4 f5 27. Kf2 Be4 28. Rxc8 Kxc8 29. Bf3 Bxf3 30. Kxf3 Kd7 31. g4 Ke6 32. g5 Kd5 33. Ke3 Kc4 34. Bf6 Bf8 35. h4 Kb3 36. Kd4 Kxa3 37. Kc3 d5 38. Kc2 Bxb4 39. Bb2+ Ka2 40. Bd4 Bf8 41. Bb2 b4 42. Bd4 b3+ 43. Kc1 Ba3+ 44. Kd1 b2 45. Bxb2 Kxb2 46. d4 Bb4 47. Ke2 a5 48. Kf3 a4 0-1

[Event "OP-2019-0-04894"]
[Site "LSS email"]
[Date "2019.12.16"]
[Round "?"]
[White "Miklaszewski, Sylvain"]
[Black "Digiglio, Rafael"]
[Result "1-0"]
[WhiteElo "1621"]
[BlackElo "691"]
[PlyCount "53"]
[EventDate "2019.12.11"]
[EventType "tourn (corr)"]
[EventRounds "4"]
[EventCountry "GER"]
[SourceTitle "Corr 2022"]
[Source "ChessBase"]
[SourceDate "2021.10.24"]
[SourceVersion "1"]
[SourceVersionDate "2021.10.24"]
[SourceQuality "1"]

1. e4 e5 2. Nf3 Nc6 3. Bb5 Nge7 4. c3 a6 5. Ba4 d6 6. d4 Bd7 7. d5 Nb8 8. Bc2 c6 9. dxc6 Nbxc6 10. Nbd2 Nc8 11. 0-0 Be7 12. Nc4 b5 13. Ne3 0-0 14. a4 Qb6 15. Nd5 Qb7 16. axb5 Be6 17. bxc6 Qxc6 18. Qd3 Qb7 19. Nxe7+ Qxe7 20. Ng5 f6 21. Nxe6 Qxe6 22. Ra3 Kh8 23. Be3 a5 24. b4 Qd7 25. bxa5 Ne7 26. Rb1 Nc6 27. a6 1-0

[Event "OP-2019-0-04894"]
[Site "LSS email"]
[Date "2019.12.16"]
[Round "?"]
[White "Vontina, Maria"]
[Black "Digiglio, Rafael"]
[Result "1-0"]
[WhiteElo "814"]
[BlackElo "691"]
[PlyCount "55"]
[EventDate "2019.12.11"]
[EventType "tourn (corr)"]
[EventRounds "4"]
[EventCountry "GER"]
[SourceTitle "Corr 2022"]
[Source "ChessBase"]
[SourceDate "2021.10.24"]
[SourceVersion "1"]
[SourceVersionDate "2021.10.24"]
[SourceQuality "1"]

1. e4 e6 2. d4 d5 3. Nc3 Bb4 4. e5 Bxc3+ 5. bxc3 f6 6. Nf3 fxe5 7. Nxe5 Nd7 8. Nf3 Ngf6 9. Be2 0-0 10. 0-0 Ne4 11. c4 Nc3 12. Qd3 Nxe2+ 13. Qxe2 Nb6 14. cxd5 Nxd5 15. Ne5 Nc3 16. Qd3 Nd5 17. c4 Nb4 18. Qc3 Qd6 19. a4 Nc6 20. Ba3 Qxd4 21. Qxd4 Nxd4 22. Bxf8 Kxf8 23. Rfd1 Ne2+ 24. Kf1 Nc3 25. Rd8+ Ke7 26. Rh8 h6 27. Ra3 Nb1 28. Rd3 1-0

[Event "ZN-2019-0-04096"]
[Site "LSS email"]
[Date "2019.12.08"]
[Round "?"]
[White "Digiglio, Rafael"]
[Black "Venturas, Bob"]
[Result "0-1"]
[WhiteElo "681"]
[BlackElo "572"]
[PlyCount "60"]
[EventDate "2019.12.01"]
[EventType "match (corr)"]
[EventRounds "2"]
[EventCountry "GER"]
[SourceTitle "Corr 2022"]
[Source "ChessBase"]
[SourceDate "2021.10.24"]
[SourceVersion "1"]
[SourceVersionDate "2021.10.24"]
[SourceQuality "1"]

1. Nf3 Nc6 2. Nc3 e5 3. e3 a6 4. Bc4 h6 5. Bxf7+ Kxf7 6. Nxe5+ Nxe5 7. Qh5+ Ng6 8. Qd5+ Ke8 9. 0-0 Qe7 10. Qh5 Qg5 11. Qxg5 hxg5 12. e4 d6 13. d4 Be7 14. Bd2 Bd7 15. Nd5 Rc8 16. Nxe7 Kxe7 17. Bxg5+ Kf7 18. h4 Nxh4 19. Bxh4 Rxh4 20. f3 Ne7 21. Kf2 d5 22. Kg3 Rch8 23. Kf2 dxe4 24. g3 Rh2+ 25. Ke3 exf3 26. Rxf3+ Ke8 27. Kd3 Bf5+ 28. Rxf5 Nxf5 29. Re1+ Kd7 30. Rg1 R8h3 0-1

[Event "ZN-2019-0-04087"]
[Site "LSS email"]
[Date "2019.11.30"]
[Round "?"]
[White "Digiglio, Rafael"]
[Black "Wiehl, Hans"]
[Result "1-0"]
[WhiteElo "592"]
[BlackElo "565"]
[PlyCount "49"]
[EventDate "2019.11.22"]
[EventType "match (corr)"]
[EventRounds "2"]
[EventCountry "GER"]
[SourceTitle "Corr 2022"]
[Source "ChessBase"]
[SourceDate "2021.10.24"]
[SourceVersion "1"]
[SourceVersionDate "2021.10.24"]
[SourceQuality "1"]

1. Nf3 c6 2. Nc3 d5 3. d3 Bf5 4. Nd4 e6 5. Nxf5 exf5 6. Bf4 Bd6 7. Qd2 Bxf4 8. Qxf4 Ne7 9. 0-0-0 Qc8 10. Qe5 0-0 11. Qxe7 Re8 12. Qh4 Nd7 13. e3 a6 14. Be2 c5 15. Nxd5 Re5 16. Ne7+ Rxe7 17. Qxe7 Qc6 18. Bf3 Qc8 19. Bd5 Rb8 20. Bxf7+ Kh8 21. Be6 Nf6 22. Bxc8 Rxc8 23. Qxb7 Re8 24. Qxa6 h6 25. Qa7 1-0

[Event "SN-2019-0-01001"]
[Site "LSS email"]
[Date "2019.11.19"]
[Round "?"]
[White "Digiglio, Rafael"]
[Black "Sogert, Daniel"]
[Result "1/2-1/2"]
[WhiteElo "595"]
[BlackElo "800"]
[PlyCount "63"]
[EventDate "2019.11.03"]
[EventType "tourn (corr)"]
[EventRounds "6"]
[EventCountry "GER"]
[SourceTitle "Corr 2022"]
[Source "ChessBase"]
[SourceDate "2021.10.24"]
[SourceVersion "1"]
[SourceVersionDate "2021.10.24"]
[SourceQuality "1"]

1. Nf3 Nf6 2. Nc3 g6 3. e3 Bg7 4. d4 0-0 5. Bc4 e6 6. 0-0 d5 7. Be2 a6 8. Re1 Nbd7 9. Ne5 Nxe5 10. dxe5 Nd7 11. f4 c5 12. Bf3 Rb8 13. Na4 b5 14. Nc3 Bb7 15. a3 h5 16. Ne2 a5 17. c3 c4 18. Nd4 Ba6 19. Nc6 Qc7 20. Nxb8 Rxb8 21. e4 dxe4 22. Rxe4 Nc5 23. Re1 Nd3 24. Re2 Nxc1 25. Rxc1 Bf8 26. Rd2 Bc5+ 27. Kf1 Be3 28. Rcc2 Bxd2 29. Rxd2 b4 30. Rd6 Bb5 31. Qe1 b3 32. Qd2 1/2-1/2

[Event "RN-2019-0-01562"]
[Site "LSS email"]
[Date "2019.09.17"]
[Round "?"]
[White "Digiglio, Rafael"]
[Black "Amuso, Jose Alberto"]
[Result "1/2-1/2"]
[WhiteElo "590"]
[BlackElo "827"]
[PlyCount "39"]
[EventDate "2019.09.05"]
[EventType "tourn (corr)"]
[EventRounds "6"]
[EventCountry "GER"]
[SourceTitle "Corr 2022"]
[Source "ChessBase"]
[SourceDate "2021.10.24"]
[SourceVersion "1"]
[SourceVersionDate "2021.10.24"]
[SourceQuality "1"]

1. e4 c6 2. d4 d5 3. Nd2 dxe4 4. Nxe4 Nd7 5. Nf3 Ngf6 6. Nxf6+ Nxf6 7. c3 Bg4 8. h3 Bxf3 9. Qxf3 e6 10. Bc4 Be7 11. 0-0 Nd5 12. Be3 Qb6 13. Qe2 0-0 14. Rad1 Bd6 15. Bb3 Nxe3 16. fxe3 c5 17. Rf3 Rae8 18. Rdf1 Re7 19. Qf2 Qc7 20. Qh4 1/2-1/2

[Event "RF-2019-0-00489"]
[Site "LSS email"]
[Date "2019.09.17"]
[Round "?"]
[White "Digiglio, Rafael"]
[Black "Chura, Michal"]
[Result "0-1"]
[WhiteElo "598"]
[BlackElo "1079"]
[PlyCount "66"]
[EventDate "2019.08.19"]
[EventType "tourn (corr)"]
[EventRounds "6"]
[EventCountry "GER"]
[SourceTitle "Corr 2022"]
[Source "ChessBase"]
[SourceDate "2021.10.24"]
[SourceVersion "1"]
[SourceVersionDate "2021.10.24"]
[SourceQuality "1"]

1. Nf3 c5 2. e4 Nc6 3. Bb5 e6 4. 0-0 Nge7 5. Nc3 a6 6. Bxc6 bxc6 7. d3 d5 8. e5 Ng6 9. Bg5 Be7 10. Bxe7 Qxe7 11. Re1 a5 12. d4 cxd4 13. Qxd4 c5 14. Qg4 0-0 15. Qg5 Qxg5 16. Nxg5 Rb8 17. b3 Ba6 18. a3 Rfc8 19. Na4 c4 20. Rab1 h6 21. Nf3 cxb3 22. Rxb3 Bc4 23. Rxb8 Rxb8 24. Nd2 Bb5 25. Nc3 Be8 26. Ncb1 Rb2 27. c3 Ba4 28. c4 Bc2 29. g3 dxc4 30. Nc3 Bd3 31. Rd1 Nxe5 32. f4 Rxd2 33. Rxd2 Nf3+ 0-1

[Event "RF-2019-0-00489"]
[Site "LSS email"]
[Date "2019.09.17"]
[Round "?"]
[White "Shim Ng Min, Francis"]
[Black "Digiglio, Rafael"]
[Result "1-0"]
[WhiteElo "1287"]
[BlackElo "598"]
[PlyCount "53"]
[EventDate "2019.08.19"]
[EventType "tourn (corr)"]
[EventRounds "6"]
[EventCountry "GER"]
[SourceTitle "Corr 2022"]
[Source "ChessBase"]
[SourceDate "2021.10.24"]
[SourceVersion "1"]
[SourceVersionDate "2021.10.24"]
[SourceQuality "1"]

1. d4 d5 2. c4 dxc4 3. e4 e5 4. d5 Bb4+ 5. Nc3 Bxc3+ 6. bxc3 b5 7. a4 Bd7 8. axb5 Bxb5 9. Bxc4 Bxc4 10. Qa4+ Nd7 11. Qxc4 Ngf6 12. Ba3 Rc8 13. Nf3 Ng4 14. h3 Ngf6 15. 0-0 Nb6 16. Qd3 Nbd7 17. Rad1 c5 18. dxc6 Rxc6 19. Nxe5 Qc7 20. Nxc6 Qxc6 21. e5 Ng8 22. Rfe1 Ne7 23. e6 fxe6 24. Qg3 g6 25. Rd6 Qa4 26. Rdxe6 Qxa3 27. Qg5 1-0

[Event "RN-2019-0-01562"]
[Site "LSS email"]
[Date "2019.09.17"]
[Round "?"]
[White "Venturas, Bob"]
[Black "Digiglio, Rafael"]
[Result "1-0"]
[WhiteElo "519"]
[BlackElo "590"]
[PlyCount "97"]
[EventDate "2019.09.05"]
[EventType "tourn (corr)"]
[EventRounds "6"]
[EventCountry "GER"]
[SourceTitle "Corr 2022"]
[Source "ChessBase"]
[SourceDate "2021.10.24"]
[SourceVersion "1"]
[SourceVersionDate "2021.10.24"]
[SourceQuality "1"]

1. e4 e6 2. Nf3 d5 3. e5 c5 4. d4 cxd4 5. Nxd4 Bc5 6. Be3 Bxd4 7. Bxd4 Nc6 8. Nc3 Nxd4 9. Qxd4 f6 10. Be2 fxe5 11. Qxe5 Qf6 12. f4 Qxe5 13. fxe5 Ne7 14. Bb5+ Nc6 15. 0-0 a6 16. Bxc6+ bxc6 17. Na4 Rb8 18. b3 Rf8 19. Nc5 Rf5 20. Nd3 Ke7 21. c3 Bd7 22. Nc5 Rxe5 23. Rf2 Rf8 24. Rxf8 Re2 25. Rff1 Bc8 26. Nd3 Re3 27. Nb4 Bb7 28. Rac1 a5 29. Nc2 Rxc3 30. Nd4 Rd3 31. Nxc6+ Bxc6 32. Rxc6 Kd7 33. Ra6 e5 34. Rxa5 Ke7 35. Ra7+ Kd6 36. Rxg7 Rd2 37. Ra7 Kc5 38. h3 e4 39. Rc1+ Kd4 40. a4 e3 41. Kh2 e2 42. Re1 Kd3 43. Re7 d4 44. a5 Kc3 45. a6 d3 46. a7 Rd1 47. a8Q Rxe1 48. Qa5+ Kb2 49. Qxe1 1-0

[Event "LSS No Engine Cup 192 Preliminary 0"]
[Site "LSS email"]
[Date "2019.08.15"]
[Round "?"]
[White "Obrien, Glenn"]
[Black "Digiglio, Rafael"]
[Result "1-0"]
[WhiteElo "1653"]
[BlackElo "1103"]
[PlyCount "37"]
[EventDate "2019.08.16"]
[EventType "tourn (corr)"]
[EventRounds "6"]
[EventCountry "GER"]
[SourceTitle "Corr 2022"]
[Source "ChessBase"]
[SourceDate "2021.10.24"]
[SourceVersion "1"]
[SourceVersionDate "2021.10.24"]
[SourceQuality "1"]

1. e4 e5 2. Nf3 Nc6 3. Bb5 Nge7 4. 0-0 a6 5. Ba4 b5 6. Bb3 a5 7. a4 b4 8. d4 exd4 9. Re1 d6 10. Ng5 Ne5 11. f4 h6 12. fxe5 hxg5 13. Qxd4 Nc6 14. Bxf7+ Kxf7 15. Qd5+ Be6 16. Rf1+ Kg6 17. Qxe6+ Kh7 18. Rf3 Qe7 19. Rh3# 1-0

[Event "RN-2019-0-01550"]
[Site "LSS email"]
[Date "2019.07.27"]
[Round "?"]
[White "Digiglio, Rafael"]
[Black "Amuso, Jose Alberto"]
[Result "0-1"]
[WhiteElo "619"]
[BlackElo "814"]
[PlyCount "40"]
[EventDate "2019.07.08"]
[EventType "tourn (corr)"]
[EventRounds "6"]
[EventCountry "GER"]
[SourceTitle "Corr 2022"]
[Source "ChessBase"]
[SourceDate "2021.10.24"]
[SourceVersion "1"]
[SourceVersionDate "2021.10.24"]
[SourceQuality "1"]

1. Nf3 Nf6 2. Nc3 g6 3. d4 d6 4. e4 Bg7 5. Bd3 0-0 6. 0-0 c6 7. Bd2 Nbd7 8. Re1 e5 9. dxe5 dxe5 10. b4 Re8 11. Bg5 Qb6 12. Bxf6 Nxf6 13. a3 Bg4 14. h3 Bxf3 15. Qxf3 Rad8 16. Bf1 Rd2 17. Re2 Rxe2 18. Bxe2 c5 19. bxc5 Qxc5 20. Bb5 Rc8 0-1

[Event "SN-2019-0-00985"]
[Site "LSS email"]
[Date "2019.07.27"]
[Round "?"]
[White "Digiglio, Rafael"]
[Black "Erdem, Naci"]
[Result "1/2-1/2"]
[WhiteElo "619"]
[BlackElo "997"]
[PlyCount "38"]
[EventDate "2019.06.27"]
[EventType "tourn (corr)"]
[EventRounds "6"]
[EventCountry "GER"]
[SourceTitle "Corr 2022"]
[Source "ChessBase"]
[SourceDate "2021.10.24"]
[SourceVersion "1"]
[SourceVersionDate "2021.10.24"]
[SourceQuality "1"]

1. Nf3 d5 2. Nc3 e6 3. e3 Nf6 4. d4 Bb4 5. Bd2 Nc6 6. a3 Bxc3 7. Bxc3 0-0 8. Bb5 Bd7 9. Bxc6 Bxc6 10. 0-0 Qe7 11. Ne5 Bb5 12. Re1 Ne4 13. f3 Nxc3 14. bxc3 c5 15. a4 Ba6 16. dxc5 f6 17. Nd3 Bxd3 18. Qxd3 Qxc5 19. Qd4 Qxd4 1/2-1/2

[Event "RN-2019-0-01542"]
[Site "LSS email"]
[Date "2019.06.23"]
[Round "?"]
[White "Amuso, Jose Alberto"]
[Black "Digiglio, Rafael"]
[Result "0-1"]
[WhiteElo "845"]
[BlackElo "619"]
[PlyCount "42"]
[EventDate "2019.06.09"]
[EventType "tourn (corr)"]
[EventRounds "6"]
[EventCountry "GER"]
[SourceTitle "Corr 2022"]
[Source "ChessBase"]
[SourceDate "2021.10.24"]
[SourceVersion "1"]
[SourceVersionDate "2021.10.24"]
[SourceQuality "1"]

1. e4 e5 2. d3 Nf6 3. f4 Nc6 4. Nf3 d6 5. Be3 Be7 6. Nbd2 0-0 7. Nc4 exf4 8. Bxf4 Be6 9. e5 dxe5 10. Nfxe5 Nxe5 11. Nxe5 h6 12. Qf3 Bc5 13. Qxb7 Rb8 14. Qf3 Rxb2 15. c4 Bxc4 16. Nxc4 Qe7+ 17. Be2 Bb4+ 18. Bd2 Bxd2+ 19. Nxd2 Qb4 20. Qe3 Re8 21. Qf4 Qxf4 0-1

[Event "RN-2019-0-01542"]
[Site "LSS email"]
[Date "2019.06.23"]
[Round "?"]
[White "Cherry, Brian"]
[Black "Digiglio, Rafael"]
[Result "0-1"]
[WhiteElo "316"]
[BlackElo "619"]
[PlyCount "50"]
[EventDate "2019.06.09"]
[EventType "tourn (corr)"]
[EventRounds "6"]
[EventCountry "GER"]
[SourceTitle "Corr 2022"]
[Source "ChessBase"]
[SourceDate "2021.10.24"]
[SourceVersion "1"]
[SourceVersionDate "2021.10.24"]
[SourceQuality "1"]

1. e4 e6 2. Nf3 d5 3. exd5 Qxd5 4. d3 Nc6 5. Nc3 Qd8 6. Bf4 Bd6 7. Qd2 Nf6 8. 0-0-0 Bxf4 9. Qxf4 0-0 10. Nb5 Nd5 11. Qg3 a6 12. Nbd4 Nxd4 13. Nxd4 Qd6 14. Qxd6 cxd6 15. g3 b5 16. Bg2 Bb7 17. c4 bxc4 18. dxc4 Rac8 19. Kb1 Rxc4 20. b3 Rb4 21. Nc2 Rb6 22. Kb2 Rc8 23. Rd3 Nb4 24. Bxb7 Nxd3+ 25. Kb1 Rxb7 0-1

[Event "RN-2019-0-01542"]
[Site "LSS email"]
[Date "2019.06.23"]
[Round "?"]
[White "Digiglio, Rafael"]
[Black "Kuttner, Jaromir"]
[Result "1/2-1/2"]
[WhiteElo "619"]
[BlackElo "910"]
[PlyCount "119"]
[EventDate "2019.06.09"]
[EventType "tourn (corr)"]
[EventRounds "6"]
[EventCountry "GER"]
[SourceTitle "Corr 2022"]
[Source "ChessBase"]
[SourceDate "2021.10.24"]
[SourceVersion "1"]
[SourceVersionDate "2021.10.24"]
[SourceQuality "1"]

1. Nf3 Nf6 2. Nc3 Nc6 3. e3 d5 4. d4 e6 5. Bb5 Be7 6. Bxc6+ bxc6 7. 0-0 0-0 8. Re1 Rb8 9. h3 Bd7 10. Ne5 Be8 11. a3 c5 12. dxc5 Bxc5 13. b4 Bd6 14. Nf3 c5 15. bxc5 Bxc5 16. Bd2 Qd6 17. a4 a6 18. Rb1 Bc6 19. Qe2 d4 20. exd4 Bxd4 21. Nxd4 Qxd4 22. Qe3 Qxe3 23. Bxe3 h6 24. Bc5 Rxb1 25. Rxb1 Rc8 26. Bd4 Ne4 27. Rc1 Nxc3 28. Bxc3 Bxa4 29. Bd4 Rxc2 30. Rxc2 Bxc2 31. f4 g5 32. fxg5 hxg5 33. g3 Kh7 34. Kf2 Kg6 35. Kf3 f5 36. Be5 Be4+ 37. Ke3 a5 38. g4 Bg2 39. gxf5+ exf5 40. h4 gxh4 41. Kf4 a4 42. Bb2 h3 43. Kg3 f4+ 44. Kh2 Kf5 45. Kg1 f3 46. Bc1 Ke4 47. Bh6 a3 48. Bc1 Kd3 49. Bxa3 Ke2 50. Bc5 Kd3 51. Bf2 Ke4 52. Kh2 Kd3 53. Kg1 Ke2 54. Bd4 Bf1 55. Kh2 f2 56. Kg3 Bg2 57. Bxf2 h2 58. Kxg2 h1B+ 59. Kxh1 Kxf2 60. Kh2 1/2-1/2

[Event "OP-2019-0-04788"]
[Site "LSS email"]
[Date "2019.06.05"]
[Round "?"]
[White "Digiglio, Rafael"]
[Black "Caviglia, Maximiliano"]
[Result "0-1"]
[WhiteElo "623"]
[BlackElo "1261"]
[PlyCount "58"]
[EventDate "2019.05.25"]
[EventType "tourn (corr)"]
[EventRounds "4"]
[EventCountry "GER"]
[SourceTitle "Corr 2022"]
[Source "ChessBase"]
[SourceDate "2021.10.24"]
[SourceVersion "1"]
[SourceVersionDate "2021.10.24"]
[SourceQuality "1"]

1. Nf3 b6 2. d4 g6 3. e4 h6 4. e5 Bg7 5. Bf4 e6 6. Bd3 Bb7 7. 0-0 Ne7 8. Re1 0-0 9. Be4 Bxe4 10. Rxe4 d5 11. Re1 Nd7 12. c3 c5 13. Qc2 cxd4 14. cxd4 Rc8 15. Qa4 Rc7 16. Nc3 Rc4 17. Qxa7 Nc6 18. Qa3 Nxd4 19. Nxd4 Rxd4 20. Be3 Rc4 21. Qb3 Nc5 22. Qxb6 Qxb6 23. Bxc5 Qxc5 24. Rac1 Qa7 25. a3 Rfc8 26. g3 Qb7 27. Rb1 d4 28. Ne4 Bxe5 29. Nd2 Rc2 0-1

[Event "OP-2019-0-04788"]
[Site "LSS email"]
[Date "2019.06.05"]
[Round "?"]
[White "Vontina, Maria"]
[Black "Digiglio, Rafael"]
[Result "0-1"]
[WhiteElo "839"]
[BlackElo "623"]
[PlyCount "50"]
[EventDate "2019.05.25"]
[EventType "tourn (corr)"]
[EventRounds "4"]
[EventCountry "GER"]
[SourceTitle "Corr 2022"]
[Source "ChessBase"]
[SourceDate "2021.10.24"]
[SourceVersion "1"]
[SourceVersionDate "2021.10.24"]
[SourceQuality "1"]

1. e4 e6 2. d4 d5 3. Nc3 Bb4 4. e5 Bxc3+ 5. bxc3 f6 6. exf6 Qxf6 7. Nf3 h6 8. Be2 Ne7 9. 0-0 0-0 10. Ba3 Rf7 11. Ne5 Rf8 12. c4 Nd7 13. Nxd7 Bxd7 14. cxd5 exd5 15. c3 Rf7 16. Rb1 b6 17. Bf3 c6 18. Qd2 Qg6 19. Qe3 Nf5 20. Qd2 Re8 21. g3 Nh4 22. Bh1 Rf3 23. Qd1 Bg4 24. Bxf3 Nxf3+ 25. Kh1 Nxh2 0-1

[Event "ZN-2019-0-03972"]
[Site "LSS email"]
[Date "2019.04.19"]
[Round "?"]
[White "Digiglio, Rafael"]
[Black "Ducharme, Steven"]
[Result "0-1"]
[WhiteElo "625"]
[BlackElo "751"]
[PlyCount "116"]
[EventDate "2019.04.14"]
[EventType "match (corr)"]
[EventRounds "2"]
[EventCountry "GER"]
[SourceTitle "Corr 2022"]
[Source "ChessBase"]
[SourceDate "2021.10.24"]
[SourceVersion "1"]
[SourceVersionDate "2021.10.24"]
[SourceQuality "1"]

1. Nf3 Nf6 2. Nc3 d5 3. d4 e6 4. a3 a6 5. Bg5 Be7 6. e3 0-0 7. Bd3 h6 8. Bxf6 Bxf6 9. 0-0 Nd7 10. Qd2 e5 11. Nxe5 Nxe5 12. dxe5 Bxe5 13. f4 Bf6 14. Rab1 c5 15. b4 c4 16. Be2 d4 17. exd4 Qxd4+ 18. Qxd4 Bxd4+ 19. Kh1 Bxc3 20. Bxc4 Be6 21. Bd3 f5 22. Rf3 Bd5 23. Rf2 Bd4 24. Rff1 g6 25. Be2 Ba7 26. Bf3 Bxf3 27. Rxf3 b5 28. h3 Rac8 29. c3 Rc4 30. Rd1 Rfc8 31. Rd7 R8c7 32. Rd8+ Kg7 33. Rfd3 Rxc3 34. R8d7+ Rxd7 35. Rxd7+ Kf6 36. Rxa7 Rxa3 37. Kh2 g5 38. fxg5+ Kxg5 39. Rg7+ Kh5 40. Rf7 Kg6 41. Rd7 Ra4 42. Rd6+ Kg5 43. g3 Rxb4 44. Rxa6 Rb2+ 45. Kg1 h5 46. Re6 b4 47. Kf1 b3 48. Re1 Rc2 49. Rb1 b2 50. Rxb2 Rxb2 51. Kg1 h4 52. gxh4+ Kxh4 53. Kf1 Kxh3 54. Kg1 f4 55. Kf1 f3 56. Ke1 Kg2 57. Kd1 f2 58. Kc1 Re2 0-1

[Event "SN-2019-0-00969"]
[Site "LSS email"]
[Date "2019.04.19"]
[Round "?"]
[White "Digiglio, Rafael"]
[Black "Evtyugin, Yury Alekseevich"]
[Result "0-1"]
[WhiteElo "585"]
[BlackElo "983"]
[PlyCount "28"]
[EventDate "2019.03.22"]
[EventType "tourn (corr)"]
[EventRounds "6"]
[EventCountry "GER"]
[SourceTitle "Corr 2022"]
[Source "ChessBase"]
[SourceDate "2021.10.24"]
[SourceVersion "1"]
[SourceVersionDate "2021.10.24"]
[SourceQuality "1"]

1. Nf3 d5 2. d4 Bf5 3. Nc3 e6 4. Nh4 Bg6 5. Nxg6 hxg6 6. e4 dxe4 7. Nxe4 Nf6 8. Bg5 Be7 9. Bxf6 gxf6 10. Bc4 c6 11. 0-0 Nd7 12. Qf3 f5 13. Nc3 Qc7 14. Rad1 Qxh2# 0-1

[Event "SN-2019-0-00969"]
[Site "LSS email"]
[Date "2019.04.19"]
[Round "?"]
[White "Vontina, Maria"]
[Black "Digiglio, Rafael"]
[Result "1/2-1/2"]
[WhiteElo "772"]
[BlackElo "585"]
[PlyCount "68"]
[EventDate "2019.03.22"]
[EventType "tourn (corr)"]
[EventRounds "6"]
[EventCountry "GER"]
[SourceTitle "Corr 2022"]
[Source "ChessBase"]
[SourceDate "2021.10.24"]
[SourceVersion "1"]
[SourceVersionDate "2021.10.24"]
[SourceQuality "1"]

1. e4 e6 2. d4 d5 3. Nc3 dxe4 4. Nxe4 Nf6 5. Nxf6+ Qxf6 6. Nf3 h6 7. Be2 Bd6 8. 0-0 0-0 9. c3 Nc6 10. Qc2 e5 11. dxe5 Nxe5 12. Qe4 c6 13. Be3 Nxf3+ 14. Qxf3 Qxf3 15. Bxf3 Bf5 16. Rad1 Rfd8 17. Bd4 Bc7 18. Rfe1 Be6 19. b3 Rd7 20. Bc5 Bd5 21. c4 b6 22. Bxd5 cxd5 23. Bb4 a5 24. Bc3 Rad8 25. cxd5 f6 26. Bb2 Rxd5 27. Rxd5 Rxd5 28. f3 Rd2 29. Rb1 Kf7 30. a4 Ke6 31. Bc3 Rd3 32. Be1 Be5 33. Bf2 Bd4 34. Bxd4 Rxd4 1/2-1/2

[Event "RN-2019-0-01520"]
[Site "LSS email"]
[Date "2019.03.27"]
[Round "?"]
[White "Digiglio, Rafael"]
[Black "Evtyugin, Yury Alekseevich"]
[Result "0-1"]
[WhiteElo "585"]
[BlackElo "952"]
[PlyCount "92"]
[EventDate "2019.03.09"]
[EventType "tourn (corr)"]
[EventRounds "6"]
[EventCountry "GER"]
[SourceTitle "Corr 2022"]
[Source "ChessBase"]
[SourceDate "2021.10.24"]
[SourceVersion "1"]
[SourceVersionDate "2021.10.24"]
[SourceQuality "1"]

1. Nf3 c5 2. Nc3 Nc6 3. e4 a6 4. Bc4 e6 5. 0-0 Be7 6. Re1 d6 7. d4 cxd4 8. Nxd4 Nf6 9. Nxc6 bxc6 10. Bg5 0-0 11. Bb3 Bb7 12. e5 dxe5 13. Rxe5 h6 14. Bxf6 Bxf6 15. Re3 Qxd1+ 16. Rxd1 Rad8 17. Red3 Rxd3 18. Rxd3 Bxc3 19. Rxc3 Rd8 20. Rd3 Rxd3 21. cxd3 Kf8 22. f3 Ke7 23. Kf2 c5 24. Ke3 g5 25. a4 Kd6 26. Ba2 f5 27. Bc4 a5 28. b3 f4+ 29. Kf2 Ke5 30. Ke2 h5 31. h3 Bd5 32. Bxd5 exd5 33. Kd2 Kd4 34. Kc2 c4 35. bxc4 dxc4 36. dxc4 Kxc4 37. Kd2 Kd4 38. Ke2 Kc4 39. Kd2 Kb4 40. Kd3 Kxa4 41. Kc2 Kb4 42. Kc1 Kc3 43. Kd1 Kd3 44. Ke1 Kc2 45. h4 gxh4 46. Kf1 a4 0-1

[Event "RN-2019-0-01520"]
[Site "LSS email"]
[Date "2019.03.27"]
[Round "?"]
[White "Kuttner, Jaromir"]
[Black "Digiglio, Rafael"]
[Result "0-1"]
[WhiteElo "849"]
[BlackElo "585"]
[PlyCount "44"]
[EventDate "2019.03.09"]
[EventType "tourn (corr)"]
[EventRounds "6"]
[EventCountry "GER"]
[SourceTitle "Corr 2022"]
[Source "ChessBase"]
[SourceDate "2021.10.24"]
[SourceVersion "1"]
[SourceVersionDate "2021.10.24"]
[SourceQuality "1"]

1. e4 e6 2. d4 d5 3. e5 Nc6 4. Nf3 f6 5. exf6 Qxf6 6. Bg5 Qf5 7. Bd3 Qf7 8. 0-0 Bd6 9. Nc3 h6 10. Bh4 Nf6 11. Re1 0-0 12. Ne5 Bxe5 13. dxe5 Nd7 14. Re3 Ndxe5 15. Bb5 d4 16. Bxc6 dxe3 17. Bf3 Nxf3+ 18. gxf3 exf2+ 19. Kxf2 Qh5 20. Bg3 Qc5+ 21. Kg2 e5 22. Ne4 Qb5 0-1